书目信息 |
| 题名: |
音乐专业教学大纲
|
|
| 作者: | ||
| 分册: | ||
| 出版信息: | 北京 北京师范大学出版社 1984 |
|
| 页数: | 148页 | |
| 开本: | 19cm | |
| 丛书名: | ||
| 单 册: | ||
| 中图分类: | J6-41 | |
| 科图分类: | ||
| 主题词: | 音乐-教学大纲--高等师范教育 , 教学大纲-音乐--高等师范教育 | |
| 电子资源: | ||
| ISBN: | 8243.2 | |
| 000 | 00669nam0 2200241 450 | |
| 001 | 0184012949 | |
| 005 | 20100712220926.0 | |
| 010 | @a8243.2@dCNY0.52 | |
| 091 | @a8243.2 | |
| 100 | @a19950211d1984 em y0chiy0110 ea | |
| 101 | 0 | @achi |
| 102 | @aCN@b110000 | |
| 105 | @ay z 000yy | |
| 106 | @ar | |
| 200 | 1 | @a音乐专业教学大纲@9Yin Le;Yue Zhuan Ye Jiao Xue Da;Dai Gang @e试用本 |
| 210 | @a北京@c北京师范大学出版社@d1984 | |
| 215 | @a148页@d19cm | |
| 300 | @a中学教师进修高等师范专科 | |
| 606 | 0 | @a音乐-教学大纲@x高等师范教育 |
| 606 | 0 | @a教学大纲-音乐@x高等师范教育 |
| 690 | @aJ6-41@v3 | |
| 801 | 0 | @aCN@bAzMarc@c20130904 |
| 905 | @aBZT@dJ6@e24@f1@sJ6/24 | |
| 音乐专业教学大纲:试用本.-北京:北京师范大学出版社,1984 |
| 148页;19cm |
| 中学教师进修高等师范专科 |
| ISBN 8243.2:CNY0.52 |
| ● |
| 相关链接 |
|
|
|
正题名:音乐专业教学大纲
索取号:J6/24
 
预约/预借
| 序号 | 登录号 | 条形码 | 馆藏地/架位号 | 状态 | 备注 |
| 1 | 2000114546 | 2000114546 | 旧书回溯/ [索取号:J6/24] | 在馆 |